Štátna podpora bývania v SR a v EÚ bakalárska práca

Salvato in:
Dettagli Bibliografici
Autore principale: Bujňáková, Viera
Ente Autore: Národohospodárska fakulta EU. Katedra financií
Altri autori: Rabatinová, Marcela, 1977-
Natura: Libro
Lingua:slovacco
Pubblicazione: Bratislava 2012
Tags: Aggiungi Tag
Nessun Tag, puoi essere il primo ad aggiungerne!!

MARC

LEADER 00000nbm a2200000 4500
001 0155862
005 20161109111921.9
041 0 |a slo 
044 |a SK 
245 1 0 |a Štátna podpora bývania v SR a v EÚ  |b bakalárska práca  |c Viera Bujňáková ; školiteľ: Marcela Rabatinová 
264 1 |a Bratislava  |c 2012 
300 |a 48 s. 
100 1 |a Bujňáková, Viera 
700 1 |a Rabatinová, Marcela, 1977- 
710 2 |a Národohospodárska fakulta EU. Katedra financií